000 00451pab a2200181 454500
008 180718b1998 xxu||||| |||| 00| 0 eng d
100 _aSingh, Raj Vir
245 _aIRIPs regime and Indian agriculture: a review
260 _c1998
300 _ap.28-29,36
362 _aOct
650 _aAgriculture - India
650 _aInternational trade
650 _aAgriculture
700 _aDixit, Parameshwar K.
773 _aYojana
909 _a38768
999 _c38768
_d38768